000 00498nam a2200145Ia 4500
041 _aArabic
082 _a727.8 cut-895 خ
100 _a20260118u\\\\\\\\\\\y0engy0103\\\\ba
100 _aمحمد ماجد خلوصي
245 0 _aالنوادي الترفيهية - الرياضية - الاجتماعية - المائية - ومراكز الشباب
250 _aط1
260 _bدار قابس للطباعة والنشر
_aبيروت - لبنان
_c1999
300 _a431
942 _cBk
999 _c189837
_d189837